Statistiques concernant Les pays ayant le plus de pétrole

Cliquez ici pour prendre le quiz!

Statistiques générales

  • Ce quiz a été pris 141 fois
  • Le résultat moyen est 11 sur 15

Statistiques - réponses

Réserve en barils (en milliards)Pays% Correct
264 600Arabie saoudite
100%
143 100Irak
92%
60 000Russie
91%
151 200Iran
90%
20 350Qatar
89%
20 680Etats-Unis
85%
101 500Koweït
82%
173 600Canada
80%
209 400Venezuela
77%
26 000Brésil
75%
97 800Emirats arabes unis
70%
48 080Libye
64%
38 500Nigeria
55%
30 000Kazakhstan
47%
15 000Angola
42%

Distribution des résultats

Percentile par nombre de réponses

% des personnes avec chaque résultat

Votre développement - résultats

Vous n’avez pas pris ce quiz